Panthéon de la guerre; (Record no. 17015)

MARC details
000 -LEADER
fixed length control field 01160cam a22001931 4500
001 - CONTROL NUMBER
control field ca 33000215
003 - CONTROL NUMBER IDENTIFIER
control field DLC
005 - DATE AND TIME OF LATEST TRANSACTION
control field 20260227111127.0
008 - FIXED-LENGTH DATA ELEMENTS--GENERAL INFORMATION
fixed length control field 960912s1932 nyuacf 000 0 eng
010 ## - LIBRARY OF CONGRESS CONTROL NUMBER
LC control number ca 33000215
040 ## - CATALOGING SOURCE
Original cataloging agency DLC
Transcribing agency DLC
050 00 - LIBRARY OF CONGRESS CALL NUMBER
Classification number ND2880
Item number .P3
051 ## - LIBRARY OF CONGRESS COPY, ISSUE, OFFPRINT STATEMENT
Classification number ND2880
Item number .P3 Copy 2
Copy information Copy 2.
245 00 - TITLE STATEMENT
Title Panthéon de la guerre;
Remainder of title panorama of the world war and its heroes, the largest painting in the world, 402 feet long--45 feet high, painted by twenty-eight famous French artists, assisted by more than one hundred other artists under the direction of Pierre Carrier-Belleuse and Auguste-Francois Gorguet and containing six thousand life-size portraits of world war heroes and leaders representing all the allied nations ... with a correct landscape of the battlefields of France and Belgium as they appeared in 1914-1918, reproduced in full color with complete descriptive text ...
260 ## - PUBLICATION, DISTRIBUTION, ETC.
Place of publication, distribution, etc. New York,
-- Washington [etc.]
Name of publisher, distributor, etc. The Stockbridge press incorporated,
Date of publication, distribution, etc. c1932.
300 ## - PHYSICAL DESCRIPTION
Extent 15 p.
Other physical details illus. (incl. ports.) fold. col. pl.
Dimensions 29 cm.
500 ## - GENERAL NOTE
General note Text on verso of folded plate.
650 #0 - SUBJECT ADDED ENTRY--TOPICAL TERM
Topical term or geographic name entry element World war, 1914-1918
General subdivision Pictorial works.

No items available.

Powered by Koha